| 000 | 00577nam a22001577a 4500 | ||
|---|---|---|---|
| 003 | OSt | ||
| 005 | 20151203094232.0 | ||
| 008 | 151203b xxu||||| |||| 00| 0 eng d | ||
| 040 | _cRUA | ||
| 082 | _aFIS KHI 2004 B176 Or.1 | ||
| 100 |
_94186 _aKHIEV, NARA. |
||
| 245 | _alivelihood status of fishermen in kampot district, kampot province (ស្ថានភាពជីវភាពរបស់ប្រជានេសាទនៅស្រុកកំពត ខេត្តកំពត) | ||
| 260 |
_aPhnom Penh _bRUA _c2004 |
||
| 300 |
_axi, 43p. _bill. _c29cm. |
||
| 942 |
_2ddc _cFIS |
||
| 999 |
_c3900 _d3900 |
||